| 000 | 00474nam a22001697a 4500 | ||
|---|---|---|---|
| 005 | 20251108171138.0 | ||
| 008 | 250721s1989 xx 000 0 ara d | ||
| 082 | 1 | 4 | _aط/539.76/ذرا |
| 245 | 1 | 0 | _aالذرات والألكترونات / |
| 264 | 1 |
_aجنيف : _bشركة ترادكسيم، _c1989. |
|
| 300 | _a160ص : مص | ||
| 490 | 0 | _aكتاب المعرفة | |
| 650 | 1 | 7 | _aالذرات |
| 650 | 1 | 7 | _aالألكترونات |
| 942 |
_2ddc _cBK |
||
| 999 |
_c57779 _d57779 |
||